Промінь (Запис № 438122)

МАРК-запис
000 -Лідер
fixed length control field 00793nam a22002057a 4500
003 - Ідентифікатор контрольного номера
control field UA-OsUOA
001 - Контрольний номер
control field 39614
007 - Фіксоване поле фізичного опису
fixed length control field ta
008 - Елементи даних фіксованої довжини – загальна інформація
fixed length control field 20080513b un ||||| |||| 00| 0 ukr d
090 ## - Локальний шифр розміщення
Класифікаційний індекс УДК 050
Авторський знак (НП) П81
040 ## - Джерело каталогізації
Агенція оригінальної каталогізації UA-OsUOA
Мова каталогізації ukr
Агенція, яка здійснювала перезапис UA-OsUOA
Агенція, яка здійснювала модифікацію UA-OsUOA
041 ## - Код мови
Код мови тексту/ звукової доріжки чи окремого заголовка (П) ukr
080 ## - Індекс Універсальної десяткової класифікації
Індекс Універсальної десяткової класифікації (УДК) (НП) 050
245 ## - Відомості про назву
Назва (НП) Промінь
Решта назви (НП) 1960: 5, 6; 1961: 1-12; 1962: 1-12; 1963: 1-12; 1964: 1-12; 1965: 1-12; 1966: 1-12; 1967: 1-11; 1968: 1-12; 1969: 1-12; 1970: 1-12; 1971: 1-12; 1972: 1-12; 1973: 1-12; 1974: 1-12; 1975:1-12;1976: 1-12
260 ## - Публікація, розповсюдження і т.п. (Вихідні дані)
Місце публікації, розповсюдження і т.п. (П) Вінніпег
650 #7 - Додаткове предметне введення – тематичний термін
Тематичний термін чи географічна назва, як елемент введення (НП) 050 Серійні публікації. Періодика галузі, Організація та інші типи поєднання (співробітництва)
Джерело заголовка чи терміна UDC
942 ## - Додаткові елементи входу (Коха)
Тип елемента Koha Журнал
955 ## - Код типу видання за змістом
Код типу видання за змістом (НП) Науково-популярні видання

Немає доступних примірників.